| 000 | 01342nam a2200397Ii 4500 | ||
|---|---|---|---|
| 001 | DIGLOM20022 | ||
| 003 | NyNyDIG | ||
| 006 | m o d | ||
| 007 | cr ||||||||||| | ||
| 008 | 130301s2003 cl ob 000 0 spa d | ||
| 020 | _z9562825442 | ||
| 020 | _z9789562825443 | ||
| 035 | _a(OCoLC)654330980 | ||
| 040 |
_aDGITA _beng _epn _cDGITA |
||
| 043 | _as-cl--- | ||
| 050 | 1 | 4 | _aHB123.C53 eBook |
| 100 | 1 |
_aSalazar Vergara, Gabriel, _d1936- |
|
| 245 | 1 | 0 |
_aHistoria de la acumulación capitalista en Chile : _bapuntes de clase / _cGabriel Salazar. |
| 250 | _a1. ed. | ||
| 264 | 1 |
_aSantiago de Chile, Chile : _bLOM Ediciones, _c2003. |
|
| 300 | _a1 online resource (163 pages) | ||
| 336 |
_atext _btxt _2rdacontent |
||
| 337 |
_acomputer _bc _2rdamedia |
||
| 338 |
_aonline resource _bcr _2rdacarrier |
||
| 490 | 1 | _aHistoria | |
| 500 | _a"Curso dictado en el campo de presioneros políticos Tres Alamos, 1976." | ||
| 650 | 0 |
_aCapitalism _zChile _xHistory. |
|
| 651 | 0 |
_aChile _xEconomic conditions. |
|
| 655 | 0 | _aElectronic books. | |
| 791 | 2 |
_aDigitalia (Firm), _edistributor. |
|
| 830 | 0 | _aHistoria (LOM Ediciones) | |
| 793 | 0 |
_gDigitalia eBook Collection: _aLOM Ediciones |
|
| 856 | 4 | 0 |
_3Digitalia Hispánica _uhttps://www.digitaliapublishing.com/a/18232/ |
| 910 | _aPremium Collection: 2007-2012 | ||
| 942 | _cRAA | ||
| 999 |
_c235711 _d235711 |
||